Formula One tracks by name of corner - Statistics

General Stats
  • This quiz has been taken 58 times
  • The average score is 6 of 15
Answer Stats
Hint Answer % Correct
Casino Monaco
91%
Becketts Silverstone
89%
Curva Grande Monza
72%
Tamburello Imola
64%
Senna "S" Interlagos
64%
Eau Rouge Spa Francorchamps
57%
Tarzanbocht Zandvoort
47%
Marsa Corner Yas Marina
45%
Coca Cola Kurve Nurburgring
30%
Schlossgold Redbullring
30%
Peraltada Hermanos Rodriguez
19%
Marina Corner Albert Park
13%
Big Red Circuit of the Americas
9%
Campsa Barcelona Catalunya
6%
Tioman Corner Sepang
2%
No matching quizzes found
Score Distribution
Percent of People with Each Score
Percentile by Number Answered
Your Score History
You have not taken this quiz